Aircraft carriers in peace and war /

Bibliographic Details
Main Author: Skiera, Joseph A.
Format: Book
Language:English
Published: New York : F. Watts, [1965]
Series:The Watts seapower library
Subjects:

MARC

Tag First Indicator Second Indicator Subfields
LEADER 00000cam a2200000 4500
001 in00000055974
005 20151008052337.0
008 760727s1965 nyua 00100 eng
010 |a  64007803  
035 |a (OCoLC)02337255 
035 |9 AAH2925AM 
040 |a DLC  |c IQU  |d TXA  |d UtOrBLW 
049 |a TXAM  |c 1 [459756]  |a TXAS [mil]  |c 2 
050 0 0 |a V895  |b .S58 1965 
082 0 |a 359.32 
092 |a 359.32  |b S628a 
100 1 |a Skiera, Joseph A. 
245 1 0 |a Aircraft carriers in peace and war /  |c edited by Joseph A. Skiera. 
264 1 |a New York :  |b F. Watts,  |c [1965] 
264 4 |c ©1965 
300 |a xx, 296 pages :  |b illustrations ;  |c 25 cm. 
336 |a text  |b txt  |2 rdacontent 
337 |a unmediated  |b n  |2 rdamedia 
338 |a volume  |b nc  |2 rdacarrier 
490 0 |a The Watts seapower library 
500 |a Includes index. 
650 0 |a Aircraft carriers. 
999 |a MARS 
999 f f |s abcb2c00-6d35-3a80-baba-94cbf9fb5b16  |i 66d48a74-73fe-3285-9ece-b81c4b139bba  |t 0 
952 f f |p ric  |a Texas A&M University  |b Rellis Campus  |c Joint Library Facility  |d Remote Storage  |t 0  |e V895 .S58 1965  |h Library of Congress classification  |i unmediated -- volume  |m A14800807865 
952 f f |p noncirc  |a Texas A&M University  |b College Station  |c Cushing Memorial Library & Archives  |d Cushing: Ragan Military (Does not check out)  |t 0  |e V895 .S58 1965  |h Library of Congress classification  |i unmediated -- volume 
998 f f |a V895 .S58 1965  |t 0  |l Cushing: Ragan Military (Does not check out) 
998 f f |a V895 .S58 1965  |t 0  |l Remote Storage